Code of practice for the management of student housing (Record no. 111448)

MARC details
000 -LEADER
fixed length control field 01065cad a22002175a 4500
001 - CONTROL NUMBER
control field L151565
008 - FIXED-LENGTH DATA ELEMENTS--GENERAL INFORMATION
fixed length control field 101117s2010 xxk f 000 0 eng d
035 ## - SYSTEM CONTROL NUMBER
System control number (Sirsi) u151565
041 0# - LANGUAGE CODE
Language code of text/sound track or separate title eng
110 2# - MAIN ENTRY--CORPORATE NAME
Corporate name or jurisdiction name as entry element Universities UK
9 (RLIN) 5896
245 00 - TITLE STATEMENT
Title Code of practice for the management of student housing
Medium [electronic resource]
260 ## - PUBLICATION, DISTRIBUTION, ETC.
Place of publication, distribution, etc. [S.l.
Name of publisher, distributor, etc. [s.n]
Date of publication, distribution, etc. [2010?]
520 ## - SUMMARY, ETC.
Summary, etc. Replaces the Universities UK/Standing Conference of Principal's Code of Practice for Management of Student Housing 2006. Applies to student accommodation managed and controlled by Higher Education Establishment and other further educational establishments in England and Wales.
590 ## - LOCAL NOTE (RLIN)
Local note KA
650 24 - SUBJECT ADDED ENTRY--TOPICAL TERM
Topical term or geographic name entry element HOUSING ACT 2004
651 #4 - SUBJECT ADDED ENTRY--GEOGRAPHIC NAME
Geographic name England and Wales
Chronological subdivision 1543-
690 ## - LOCAL SUBJECT ADDED ENTRY--TOPICAL TERM (OCLC, RLIN)
Topical term or geographic name as entry element PROPERTY-RESIDENTIAL PROPERTY-COMMUNAL RESIDENTIAL PROPERTY
710 1# - ADDED ENTRY--CORPORATE NAME
Corporate name or jurisdiction name as entry element Guild HE
856 40 - ELECTRONIC LOCATION AND ACCESS
Uniform Resource Identifier <a href="https://www.universitiesuk.ac.uk/PolicyAndResearch/Guidance/AccommodationCodeofPractice/Documents/code%20of%20practice%20170810.pdf">https://www.universitiesuk.ac.uk/PolicyAndResearch/Guidance/AccommodationCodeofPractice/Documents/code%20of%20practice%20170810.pdf</a>
Public note View this item free of charge at www.universitiesuk.ac.uk
942 ## - ADDED ENTRY ELEMENTS (KOHA)
Suppress in OPAC 0
Holdings
Withdrawn status Lost status Source of classification or shelving scheme Damaged status Not for loan Home library Current library Shelving location Date acquired Total Checkouts Full call number Barcode Date last seen Copy number Price effective from Koha item type
    Dewey Decimal Classification     Virtual Virtual Online 17/11/2010   ONLINE PUBLICATION 151565-2001 06/08/2019 1 06/08/2019 Book